| 000 | 00733nam a22001697a 4500 | ||
|---|---|---|---|
| 005 | 20260330110343.0 | ||
| 008 | 260326b |||||||| |||| 00| 0 eng d | ||
| 100 |
_aMamolo, Diomesita D. _970205 |
||
| 245 |
_aSound of silence: The deaf and mute students struggles and challenges in attaining english proficiency in writing _cDiomesita D. Mamolo, Nova B. Zapanta, and May Ann L. Visite. |
||
| 260 |
_aDigos city: _bUMDC, _c©July 2021. |
||
| 300 |
_aviii, 106 pages : _billustration (some colors) : _c30 Cm. |
||
| 500 | _aIncludes references and appendices. | ||
| 650 | 0 |
_aeducation _xundergraduate thesis. _970206 |
|
| 700 |
_aZapanta, Nova B. _eresearcher _970207 |
||
| 700 |
_aVisite, May Ann L. _eresearcher. _970208 |
||
| 942 |
_2ddc _cUT |
||
| 999 |
_c24492 _d24492 |
||